ACF Fiorentina - Hall Of Fame - Statistics

Statistiche generali
  • Questo quiz è stato fatto 42 volte
  • Il punteggio medio è 8 su 53
Statistiche sulle risposte
Giocatori % Corretto
Gabriel Batistuta
98%
Giancarlo Antognoni
68%
Luca Toni
66%
Adrian Mutu
51%
Sébastien Frey
49%
Enrico Chiesa
46%
Francesco Toldo
46%
Kurt Hamrin
44%
Davide Astori
37%
Giancarlo De Sisti
24%
Francesco Graziani
22%
Angelo Di Livio
17%
Christian Riganò
17%
Dunga
12%
Enrico Albertosi
12%
Luciano Chiarugi
12%
Claudio Desolati
10%
Daniel Bertoni
10%
Miguel Montuori
10%
Franco Superchi
7%
Julinho
7%
Stefano Borgonovo
7%
Ardico Magnini
5%
Claudio Merlo
5%
Enzo Robotti
5%
Francesco Rosetta
5%
Giovanni Galli
5%
Giuliano Sarti
5%
Giuseppe Chiappella
5%
Giuseppe Virgili
5%
Italo Bandini
5%
Mario Maraschi
5%
Mario Pizziolo
5%
Romeo Menti
5%
Sergio Cervato
5%
Ugo Ferrante
5%
Alberto Orzan
2%
Armando Segato
2%
Bernardo Rogora
2%
Bruno Beatrice
2%
Celeste Pin
2%
Ferruccio Valcareggi
2%
Giancarlo Galdiolo
2%
Giuseppe Brizi
2%
Guido Gratton
2%
Maurilio Prini
2%
Moreno Roggi
2%
Renzo Contratto
2%
Rodolfo Volk
2%
Salvatore Esposito
2%
Sergio Carpanesi
2%
Sergio Castelletti
2%
Vittorio Staccione
2%
Nessun quiz corrispondente trovato
Distribuzione punteggi
Percentuale di utenti per punteggio
Percentile per numero di risposta
I tuoi punteggi nel tempo
Non hai fatto questo quiz